El lado subjetivo de la gestión : (Record no. 180158)

MARC details
000 -CABECERA
campo de control de longitud fija 00696nam a2200217 a 4500
005 - FECHA Y HORA DE LA ÚLTIMA TRANSACCIÓN
campo de control 20250109063814.0
008 - ELEMENTOS DE LONGITUD FIJA--INFORMACIÓN GENERAL
campo de control de longitud fija 160209s2013 mx r 000 0 spa d
020 ## - NÚMERO INTERNACIONAL NORMALIZADO PARA LIBROS
Número Internacional Estándar del Libro 9789870605492
035 ## - NÚMERO DE CONTROL DEL SISTEMA
Número de control de sistema UPN01000208057
049 ## - COLECCIÓN
Colección CG
050 #4 - SIGNATURA TOPOGRÁFICA DE LA BIBLIOTECA DEL CONGRESO
Número de clasificación LB2805
Número de documento/Ítem B5.4
100 1# - ASIENTO PRINCIPAL--NOMBRE PERSONAL
Nombre de persona Blejmar, Bernardo
9 (RLIN) 38338
245 13 - MENCIÓN DE TÍTULO
Título El lado subjetivo de la gestión :
Resto del título del actor que está haciendo al sujeto que está siendo /
Mención de responsabilidad, etc. Bernardo Blejmar.
260 ## - PUBLICACIÓN, DISTRIBUCIÓN, ETC.
Lugar de publicación, distribución, etc. Buenos Aires :
Nombre del editor, distribuidor, etc. Aique,
Fecha de publicación, distribución, etc. 2013.
300 ## - DESCRIPCIÓN FÍSICA
Extensión 131 p.
440 #0 - MENCIÓN DE SERIE/ASIENTO SECUNDARIO--TÍTULO
Título Aique educación.
Nombre de parte o sección de la obra Nueva carrera docente
650 #4 - ASIENTO SECUNDARIO DE MATERIA - TERMINO TEMATICO
Término de materia o nombre geográfico como elemento de entrada Escuelas
Subdivisión general Dirección y organización
9 (RLIN) 346
650 #4 - ASIENTO SECUNDARIO DE MATERIA - TERMINO TEMATICO
Término de materia o nombre geográfico como elemento de entrada Educación
Subdivisión general Administración
9 (RLIN) 685
905 ## - TIPO DE MATERIAL
Tipo de material Libro
Holdings
Estado de retiro Estado de pérdida Fuente del sistema de clasificación o colocación Estado dañado No para préstamo Código de colección Localización permanente Ubicación/localización actual Ubicación en estantería Total de préstamos Clasificación Código de barras Fecha visto por última vez Número de copia Tipo de ítem Koha
    Library of Congress Classification     Colección General Bib. Gregorio Torres Quintero Bib. Gregorio Torres Quintero Planta baja 2 LB2805 B5.4 308491 31/12/2020 1 Libro
    Library of Congress Classification     Colección General Bib. Gregorio Torres Quintero Bib. Gregorio Torres Quintero Planta baja 3 LB2805 B5.4 308492 31/12/2020 1 Libro